000
00448nam a2200145Ia 4500
008
090124s9999 xx 000 0 und d
082
_b
204064
245
_a
भूल जाओ पुराने सपने
250
_a
1
260
_b
नागार्जुन
_c
1994
300
_a
94
630
_a
भूल जाओ पुराने सपने
730
_a
भूल जाओ पुराने सपने
942
_c
BOOK
999
_c
185645
_d
185645